[Event "2018_CEG Riscle C"]
[Site "Riscle"]
[Date "2018.08.06"]
[Round "7.2"]
[White "Hameau, Cyril"]
[Black "Josse, Mathilde"]
[Result "1-0"]
[WhiteElo "1783"]
[BlackElo "1728"]
[PlyCount "97"]
[EventDate "2018.??.??"]
[WhiteTeam "Echiquier de Franconville"]
[BlackTeam "Echiquier Guingampais"]

1. d4 Nf6 2. Bg5 d6 3. Nd2 Nbd7 4. Ngf3 e6 5. e4 Be7 6. Bd3 O-O 7. e5 Nd5 8. h4
f5 9. g3 h6 10. Qe2 dxe5 11. Bxe7 Qxe7 12. dxe5 Nb4 13. a3 Nxd3+ 14. Qxd3 b6
15. O-O-O Nc5 16. Qc3 Bb7 17. Rhg1 a5 18. g4 Ne4 19. Nxe4 fxe4 20. Nd2 Qxh4 21.
Qxc7 Bd5 22. g5 hxg5 23. Qe7 Rf7 24. Qd6 Rxf2 25. Qxb6 Qf4 26. Rge1 a4 27. Qd4
Rc8 28. Kb1 Qh2 29. Qe3 Rb8 30. Qxg5 Rf5 31. Qe7 Qxe5 32. Nc4 Qh2 33. Rxd5 exd5
34. Qe6+ Rf7 35. Ne5 Qf2 36. Rc1 d4 37. Nxf7 Qxf7 38. Qxe4 Qf6 39. Qh1 Kf7 40.
Qd5+ Ke7 41. Re1+ Kf8 42. Rh1 Ke7 43. Qc5+ Kd7 44. Rd1 Ke8 45. Re1+ Kf7 46.
Qc7+ Kg6 47. Qxb8 Qf2 48. Qe8+ Kg5 49. Re5+ 1-0

[Event "2018_CEG Riscle C"]
[Site "Riscle"]
[Date "2018.08.06"]
[Round "7.3"]
[White "Noe, Jean-Jacques"]
[Black "Jauneau, David"]
[Result "0-1"]
[WhiteElo "1733"]
[BlackElo "1794"]
[PlyCount "56"]
[EventDate "2018.??.??"]
[WhiteTeam "Caissa Crazy Chess Club (C4)"]
[BlackTeam "L'Echiquier du Lac Enghien"]

1. c4 Nf6 2. g3 e6 3. Bg2 d5 4. Nf3 b6 5. cxd5 exd5 6. d4 Bb4+ 7. Bd2 Bxd2+ 8.
Nbxd2 Nbd7 9. O-O O-O 10. b4 c5 11. bxc5 bxc5 12. dxc5 Nxc5 13. Qc2 Ne6 14. Qa4
Bd7 15. Qa3 Bb5 16. Rfe1 a6 17. Bf1 Ne4 18. Nb3 Qf6 19. Bg2 Rac8 20. Rac1 g5
21. g4 Nf4 22. Rxc8 Rxc8 23. Nc1 Rc2 24. Qe3 Rc3 25. Qa7 Rxc1 26. Rxc1 Nxe2+
27. Kh1 Nxc1 28. Qe3 Nd3 0-1

[Event "2018_CEG Riscle C"]
[Site "Riscle"]
[Date "2018.08.06"]
[Round "7.4"]
[White "Jackson, Daniel"]
[Black "Grego, Pierre"]
[Result "1-0"]
[WhiteElo "1764"]
[BlackElo "1772"]
[PlyCount "99"]
[EventDate "2018.??.??"]
[WhiteTeam "LEC Echiquier Limousin"]
[BlackTeam "Echiquier Saint Franciscain"]

1. e4 c5 2. Nf3 e6 3. d4 cxd4 4. Nxd4 a6 5. c4 Nf6 6. Nc3 Bb4 7. Bd3 Qa5 8. Bd2
Nc6 9. Nb3 Qc7 10. O-O d6 11. f4 b6 12. Qf3 Bb7 13. Rad1 O-O-O 14. a3 Bc5+ 15.
Kh1 h5 16. Nc1 Bd4 17. b4 Kb8 18. Nb3 Bxc3 19. Bxc3 Ne7 20. Qe2 Ng6 21. c5 Ka8
22. Bxf6 gxf6 23. Bxa6 d5 24. cxb6 Qxb6 25. Bxb7+ Qxb7 26. Nc5 Qb6 27. e5 f5
28. Rb1 h4 29. a4 h3 30. g3 d4 31. Qf3+ Ka7 32. a5 Qb5 33. Rfd1 Ne7 34. Rb2 Nc6
35. Qd3 Rb8 36. Qxb5 Rxb5 37. Nd3 Rhb8 38. Rdb1 Ne7 39. Kg1 Nd5 40. Kf2 Nc3 41.
Rc1 Rc8 42. Kf3 Rg8 43. Rg1 Rbb8 44. g4 fxg4+ 45. Rxg4 Nb5 46. Rc2 Nc3 47. Rg3
Ka6 48. Rxh3 Kb5 49. Rh7 Kc4 50. Rd2 1-0